[Event "Grand Pacific op"]
[Site "Victoria CAN"]
[Date "2010.04.04"]
[Round "4"]
[White "Sullivan, Brian"]
[Black "Paulson, Stewart"]
[Result "1-0"]
[WhiteElo "1682"]
[BlackElo "1540"]
[PlyCount "73"]
[EventDate "2010.04.02"]
[EventType "swiss"]
[EventRounds "6"]
[EventCountry "CAN"]

1. e4 e5 2. Nf3 Nc6 3. d4 exd4 4. Nxd4 g6 5. c3 Bg7 6. Be3 d6 7. Na3 a6 8. Nac2
Nf6 9. Bd3 Ng4 10. Nxc6 bxc6 11. Bf4 O-O 12. O-O c5 13. Be2 Nf6 14. Bf3 Rb8 15.
Qc1 Bb7 16. Re1 Re8 17. Bg5 Re5 18. Qf4 Qe7 19. Rad1 Qe6 20. Bxf6 Bxf6 21. Ne3
Bg5 22. Qg3 Bh6 23. Ng4 Bg7 24. Nxe5 Bxe5 25. Qg5 Re8 26. Bg4 Qxa2 27. Qd2 Qa4
28. f4 Bg7 29. e5 dxe5 30. Bd7 Bc6 31. Bxe8 Bxe8 32. fxe5 Bc6 33. e6 fxe6 34.
Rxe6 Bf8 35. Rf1 Bd6 36. Qf2 Be8 37. Rxd6 1-0

[Event "Grand Pacific op"]
[Site "Victoria CAN"]
[Date "2010.04.04"]
[Round "4"]
[White "Wu, Howard"]
[Black "Yonkman, Trevor"]
[Result "1-0"]
[WhiteElo "2216"]
[BlackElo "1088"]
[PlyCount "41"]
[EventDate "2010.04.02"]
[EventType "swiss"]
[EventRounds "6"]
[EventCountry "CAN"]

1. e4 c5 2. Nf3 d6 3. d4 cxd4 4. Nxd4 Nf6 5. Nc3 g6 6. f4 Nc6 7. Be2 Bg7 8. Be3
O-O 9. Nb3 Be6 10. O-O Qd7 11. Kh1 Ng4 12. Bg1 Rac8 13. f5 Bxb3 14. Bxg4 gxf5
15. exf5 Bxc3 16. bxc3 Bc4 17. f6 e6 18. Qd2 Kh8 19. Rf3 Ne5 20. Qh6 Rg8 21.
Rh3 1-0

[Event "Grand Pacific op"]
[Site "Victoria CAN"]
[Date "2010.04.04"]
[Round "5"]
[White "Botez, Alexandra"]
[Black "Davies, Lucas"]
[Result "1/2-1/2"]
[WhiteElo "1893"]
[BlackElo "2244"]
[PlyCount "132"]
[EventDate "2010.04.02"]
[EventType "swiss"]
[EventRounds "6"]
[EventCountry "CAN"]

1. d4 Nf6 2. c4 g6 3. Nc3 Bg7 4. e4 d6 5. f3 O-O 6. Be3 Nc6 7. Nge2 a6 8. Qd2
Rb8 9. Rb1 b5 10. cxb5 axb5 11. b4 Nd7 12. Ng3 f5 13. Bxb5 Rxb5 14. Nxb5 Ba6
15. a4 f4 16. Bxf4 Bxb5 17. axb5 Nxd4 18. Be3 e5 19. Bxd4 exd4 20. O-O Ne5 21.
Kh1 Nc4 22. Qa2 d5 23. exd5 Qxd5 24. Rfc1 Ne3 25. Qxd5+ Nxd5 26. Ne4 Rd8 27.
Rb3 Bh6 28. Rc5 Kf7 29. h4 Be3 30. Ng5+ Kg8 31. Ne6 Rd7 32. Rc6 Kf7 33. g3 Ne7
34. Nc5 Nxc6 35. Nxd7 Na7 36. Ne5+ Ke6 37. Nc4 Bh6 38. b6 cxb6 39. Nxb6 Nb5 40.
Kg2 Kd6 41. Kf2 Kc6 42. Na4 Kd5 43. Nb2 Be3+ 44. Rxe3 dxe3+ 45. Kxe3 Nd6 46. g4
Nf7 47. Nd3 Nd8 48. g5 Nf7 49. f4 Nd6 50. Kf3 Nf5 51. Kg4 Ne3+ 52. Kh3 Kc4 53.
Nc5 Kxb4 54. Ne6 Kc4 55. Nf8 Kd5 56. Nxh7 Ke4 57. Nf8 Kf5 58. Kg3 Nd5 59. Nxg6
Kxg6 60. Kg4 Ne3+ 61. Kh3 Nd5 62. Kg4 Ne3+ 63. Kf3 Nf5 64. Ke4 Nxh4 65. f5+
Nxf5 66. Kf3 Kxg5 1/2-1/2

[Event "Grand Pacific op"]
[Site "Victoria CAN"]
[Date "2010.04.04"]
[Round "5"]
[White "Cheng, Jack"]
[Black "Patterson, Roger"]
[Result "0-1"]
[WhiteElo "2008"]
[BlackElo "2204"]
[PlyCount "108"]
[EventDate "2010.04.02"]
[EventType "swiss"]
[EventRounds "6"]
[EventCountry "CAN"]

1. e4 c5 2. Nf3 d6 3. d4 cxd4 4. Nxd4 Nf6 5. Nc3 e6 6. Be2 Be7 7. O-O Nc6 8.
Be3 O-O 9. Kh1 a6 10. a4 Bd7 11. f4 Nxd4 12. Bxd4 Bc6 13. Bf3 Qc7 14. Qe1 e5
15. Be3 exf4 16. Bxf4 Nd7 17. Nd5 Bxd5 18. exd5 Bf6 19. Qb4 Be5 20. Bxe5 Nxe5
21. Be4 Qe7 22. b3 g6 23. c4 f5 24. Bf3 Qc7 25. a5 Rfe8 26. Rad1 Rac8 27. h3
Qc5 28. Qxb7 Rb8 29. Qxa6 Rxb3 30. Be2 Reb8 31. Rc1 R3b7 32. Rfd1 Ra7 33. Qb5
Qc7 34. Qa4 Rxa5 35. Qc2 Rc8 36. Rd4 Qa7 37. Qd1 Ra2 38. Rd2 Rxd2 39. Qxd2 Rc5
40. Qb4 Qc7 41. Rc3 h5 42. h4 Qe7 43. g3 f4 44. Kg2 fxg3 45. Rxg3 Kh7 46. Kh3
Rc8 47. Qc3 Rf8 48. Qd4 Rf5 49. Bd3 Nxd3 50. Qxd3 Qe1 51. Re3 Qh1+ 52. Kg3 Qg1+
53. Kh3 Qg4+ 54. Kh2 Rf2+ 0-1

[Event "Grand Pacific op"]
[Site "Victoria CAN"]
[Date "2010.04.04"]
[Round "5"]
[White "Crook, David"]
[Black "Raymer, Elliot"]
[Result "1/2-1/2"]
[WhiteElo "1919"]
[BlackElo "1760"]
[PlyCount "128"]
[EventDate "2010.04.02"]
[EventType "swiss"]
[EventRounds "6"]
[EventCountry "CAN"]

1. e4 e5 2. Nf3 Nc6 3. d4 exd4 4. Bc4 Nf6 5. O-O d6 6. Nxd4 Ne5 7. Be2 Nxe4 8.
f3 Nf6 9. Re1 Be7 10. f4 Ng6 11. c4 O-O 12. Nc3 c6 13. Qb3 d5 14. Kh1 c5 15.
Nf3 d4 16. Nd5 Ng4 17. Nxe7+ Qxe7 18. Kg1 Qc7 19. g3 Qc6 20. Bf1 Bf5 21. Bg2
Qb6 22. Qxb6 axb6 23. h3 Nf6 24. g4 Bd7 25. f5 Nh8 26. Bg5 Bc6 27. Bxf6 gxf6
28. Nd2 Rfe8 29. a3 Re5 30. Bxc6 bxc6 31. Re4 h5 32. Rae1 Kg7 33. Kf2 Kh6 34.
Nf3 Rxe4 35. Rxe4 Ra4 36. Nd2 b5 37. cxb5 cxb5 38. Re8 Ng6 39. fxg6 fxg6 40.
gxh5 Kxh5 41. Kg3 g5 42. Rc8 c4 43. Rh8+ Kg6 44. Rc8 c3 45. bxc3 Rxa3 46. Ne4
f5 47. Rc6+ Kg7 48. Nxg5 Rxc3+ 49. Rxc3 dxc3 50. Ne6+ Kf6 51. Nd4 Ke5 52. Nc2
Kd5 53. h4 Kc4 54. h5 b4 55. h6 b3 56. Ne3+ Kd3 57. h7 b2 58. h8=Q b1=Q 59.
Nxf5 Qe1+ 60. Kf4 Qe4+ 61. Kg5 c2 62. Qd8+ Kc3 63. Qc7+ Kd2 64. Qh2+ Qe2
1/2-1/2

[Event "Grand Pacific op"]
[Site "Victoria CAN"]
[Date "2010.04.04"]
[Round "5"]
[White "Ficzere, Tony"]
[Black "Doknjas, John"]
[Result "1/2-1/2"]
[WhiteElo "1830"]
[BlackElo "1936"]
[PlyCount "65"]
[EventDate "2010.04.02"]
[EventType "swiss"]
[EventRounds "6"]
[EventCountry "CAN"]

1. d4 Nf6 2. Nf3 c5 3. d5 e6 4. c4 exd5 5. cxd5 d6 6. Nc3 g6 7. Bf4 Bg7 8. Nd2
Nh5 9. Bg3 Nxg3 10. hxg3 f5 11. Nc4 Bxc3+ 12. bxc3 b5 13. Nd2 O-O 14. c4 b4 15.
Nf3 Qf6 16. Qc1 f4 17. gxf4 Qxf4 18. Qxf4 Rxf4 19. e3 Re4 20. Ng5 Re7 21. Bd3
Ba6 22. a3 b3 23. Rb1 Nd7 24. Kd2 Ne5 25. Kc3 Nxd3 26. Kxd3 Rb8 27. Rb2 Bc8 28.
Kc3 Reb7 29. Ne4 Rb6 30. Nf6+ Kg7 31. Nxh7 Bf5 32. Ng5 Bc2 33. Nf3 1/2-1/2

[Event "Grand Pacific op"]
[Site "Victoria CAN"]
[Date "2010.04.04"]
[Round "5"]
[White "Gansvind, Valeriya"]
[Black "Day, Lawrence"]
[Result "0-1"]
[WhiteElo "2332"]
[BlackElo "2302"]
[PlyCount "66"]
[EventDate "2010.04.02"]
[EventType "swiss"]
[EventRounds "6"]
[EventCountry "CAN"]

1. b3 Nc6 2. Bb2 e5 3. e3 a6 4. d4 f6 5. Bd3 Nh6 6. Nf3 d6 7. Nbd2 g6 8. a3 Bg7
9. dxe5 dxe5 10. Be4 O-O 11. Bxc6 bxc6 12. Nc4 Qd5 13. Qxd5+ cxd5 14. Na5 c5
15. b4 cxb4 16. axb4 Bf5 17. c3 Rfc8 18. O-O Bf8 19. h3 Nf7 20. Rfd1 Be6 21.
Nd2 Nd6 22. Nab3 Nb5 23. Rdc1 Rc6 24. Na5 Rc7 25. e4 Bh6 26. exd5 Bxd5 27. Rc2
Nd4 28. Rac1 Rac8 29. Kf1 Bf8 30. c4 Nxc2 31. Rxc2 Bxb4 32. Bc3 Bxc4+ 33. Naxc4
Rxc4 0-1

[Event "Grand Pacific op"]
[Site "Victoria CAN"]
[Date "2010.04.04"]
[Round "5"]
[White "Geng, Tian Tian"]
[Black "Parker, Dylan"]
[Result "0-1"]
[WhiteElo "1783"]
[BlackElo "1614"]
[PlyCount "72"]
[EventDate "2010.04.02"]
[EventType "swiss"]
[EventRounds "6"]
[EventCountry "CAN"]

1. e4 e5 2. Nf3 Nc6 3. d4 exd4 4. Bc4 Bc5 5. c3 d6 6. Nxd4 Ne5 7. Bb3 Nf6 8.
Bc2 Bd7 9. O-O Qe7 10. h3 O-O-O 11. b4 Bb6 12. a4 a6 13. Na3 Rdg8 14. Be3 g5
15. f3 h5 16. g4 hxg4 17. hxg4 Rh3 18. a5 Ba7 19. Nf5 Bxe3+ 20. Kg2 Bxf5 21.
Kxh3 Bd7 22. Qe2 Bf4 23. Rh1 Nh5 24. Qf2 Ng3 25. Qa7 Bxg4+ 26. fxg4 Rh8+ 27.
Kg2 Rxh1 28. Rxh1 Nxh1 29. Kxh1 f5 30. Qa8+ Kd7 31. Ba4+ Nc6 32. Qxb7 Qxe4+ 33.
Kg1 Qe1+ 34. Kg2 Qe2+ 35. Kg1 Be3+ 36. Kh1 Qf1+ 0-1

[Event "Grand Pacific op"]
[Site "Victoria CAN"]
[Date "2010.04.04"]
[Round "5"]
[White "Kong, Dezheng"]
[Black "Yearwood, Roy"]
[Result "1/2-1/2"]
[WhiteElo "1996"]
[BlackElo "2084"]
[PlyCount "31"]
[EventDate "2010.04.02"]
[EventType "swiss"]
[EventRounds "6"]
[EventCountry "CAN"]

1. c4 g6 2. Nf3 Bg7 3. g3 f5 4. d4 Nf6 5. Bg2 O-O 6. O-O d6 7. Nc3 c6 8. d5 e5
9. dxe6 Bxe6 10. Bf4 Ne4 11. Nxe4 fxe4 12. Ng5 Bg4 13. Qc2 h6 14. Nxe4 d5 15.
Rfd1 g5 16. Bd2 1/2-1/2

[Event "Grand Pacific op"]
[Site "Victoria CAN"]
[Date "2010.04.04"]
[Round "5"]
[White "Lai, Jingzhou (Peter)"]
[Black "Wu, Howard"]
[Result "1/2-1/2"]
[WhiteElo "1806"]
[BlackElo "2216"]
[PlyCount "74"]
[EventDate "2010.04.02"]
[EventType "swiss"]
[EventRounds "6"]
[EventCountry "CAN"]

1. d4 d5 2. c4 c6 3. Nf3 Nf6 4. Nc3 dxc4 5. a4 Bf5 6. e3 e6 7. Bxc4 Bb4 8. O-O
O-O 9. Ne5 Nbd7 10. f4 Nxe5 11. fxe5 Nd5 12. Nxd5 cxd5 13. Bd3 Bxd3 14. Qxd3
Rc8 15. Bd2 Qa5 16. Rf2 Rc7 17. Bxb4 Qxb4 18. Rc2 Rfc8 19. Rxc7 Rxc7 20. Qb5
Qxb5 21. axb5 b6 22. Ra2 g5 23. Kf2 Rc4 24. b3 Rb4 25. Ra3 Rxb5 26. Ke2 a5 27.
h3 Kg7 28. Kd3 f6 29. exf6+ Kxf6 30. g4 a4 31. bxa4 Rb4 32. a5 bxa5 33. Rxa5
Rb2 34. Ra1 Rh2 35. Rf1+ Kg6 36. Rf3 h6 37. e4 Rb2 1/2-1/2

[Event "Grand Pacific op"]
[Site "Victoria CAN"]
[Date "2010.04.04"]
[Round "5"]
[White "Leblanc, Paul"]
[Black "Moura, Eduardo"]
[Result "0-1"]
[WhiteElo "1877"]
[BlackElo "2045"]
[PlyCount "66"]
[EventDate "2010.04.02"]
[EventType "swiss"]
[EventRounds "6"]
[EventCountry "CAN"]

1. d4 c5 2. d5 Nf6 3. Nf3 g6 4. g3 d6 5. Bg2 Bg7 6. O-O O-O 7. c4 b5 8. cxb5 a6
9. bxa6 Nbd7 10. Nc3 Rxa6 11. Re1 Bb7 12. e4 Qa8 13. Bf1 Ra5 14. Bd2 Nb6 15.
Rb1 Nfd7 16. a3 Ba6 17. Bxa6 Rxa6 18. Nb5 Qb7 19. b3 Nxd5 20. exd5 Qxb5 21.
Rxe7 Rxa3 22. Bf4 Ra6 23. b4 cxb4 24. Nd4 Qxd5 25. Rxd7 Bxd4 26. Be3 Qf5 27.
Re7 Qxb1 28. Qxb1 Ra1 29. Qxa1 Bxa1 30. Rb7 Bc3 31. Bb6 b3 32. Bc7 b2 33. Kf1
Re8 0-1

[Event "Grand Pacific op"]
[Site "Victoria CAN"]
[Date "2010.04.04"]
[Round "5"]
[White "Ristovic, Nenad"]
[Black "Steininger, Gavin"]
[Result "0-1"]
[WhiteElo "2272"]
[BlackElo "2072"]
[PlyCount "72"]
[EventDate "2010.04.02"]
[EventType "swiss"]
[EventRounds "6"]
[EventCountry "CAN"]

1. d4 Nf6 2. c4 e6 3. Nc3 Bb4 4. Nf3 O-O 5. g3 c5 6. Bg2 d6 7. O-O Bxc3 8. bxc3
Nbd7 9. a4 e5 10. h3 Re8 11. Be3 Qc7 12. Qb3 h6 13. a5 Rb8 14. Qa2 Nf8 15. Rfc1
Be6 16. Nd2 Ng6 17. Qa3 Rec8 18. Rab1 Nd7 19. g4 f6 20. Rb5 Ne7 21. Rcb1 b6 22.
Rc1 f5 23. f3 f4 24. Bf2 g5 25. e3 Ng6 26. Bf1 Rf8 27. Ne4 fxe3 28. Bxe3 Rxf3
29. Re1 Rbf8 30. axb6 axb6 31. Rb2 Nh4 32. d5 Bf7 33. Bg2 Bg6 34. Bf2 Nxg2 35.
Kxg2 R3f4 36. Nd2 Rxf2+ 0-1

[Event "Grand Pacific op"]
[Site "Victoria CAN"]
[Date "2010.04.04"]
[Round "5"]
[White "Sohal, Tanraj"]
[Black "Aquino, Manfrei"]
[Result "1-0"]
[WhiteElo "2100"]
[BlackElo "1953"]
[PlyCount "69"]
[EventDate "2010.04.02"]
[EventType "swiss"]
[EventRounds "6"]
[EventCountry "CAN"]

1. d4 f5 2. c4 g6 3. Nf3 Nf6 4. g3 Bg7 5. Bg2 O-O 6. O-O d6 7. Nc3 c6 8. d5 e5
9. dxe6 Bxe6 10. Bf4 Ne4 11. Nxe4 fxe4 12. Ng5 Bxc4 13. Qc2 Bf7 14. Nxf7 Rxf7
15. Bxe4 Qf6 16. Rab1 d5 17. Bg2 Nd7 18. e4 dxe4 19. Qxe4 Raf8 20. b4 Ne5 21.
b5 Kh8 22. Qa4 cxb5 23. Qxa7 Nd3 24. Be3 Qf5 25. Qb6 b4 26. Bxb7 Rb8 27. Be4
Qc8 28. Qd6 Rd7 29. Qe6 Bc3 30. a3 Qd8 31. axb4 Rxb4 32. Rxb4 Bxb4 33. Rd1 Nc5
34. Qe5+ Kg8 35. Bd5+ 1-0

[Event "Grand Pacific op"]
[Site "Victoria CAN"]
[Date "2010.04.04"]
[Round "5"]
[White "Wright, Polly"]
[Black "Stephenson, Chris"]
[Result "1-0"]
[WhiteElo "1729"]
[BlackElo "1422"]
[PlyCount "73"]
[EventDate "2010.04.02"]
[EventType "swiss"]
[EventRounds "6"]
[EventCountry "CAN"]

1. d4 Nf6 2. Nf3 e6 3. Bg5 h6 4. Bh4 c5 5. e3 Nc6 6. c3 a6 7. Bd3 b5 8. Nbd2
Bb7 9. e4 g5 10. Bg3 Nh5 11. Ne5 Nxg3 12. Nxc6 Bxc6 13. hxg3 Qb6 14. Nf3 O-O-O
15. Nxg5 Bg7 16. Nxf7 cxd4 17. Nxd8 Qxd8 18. cxd4 Bxd4 19. Qc2 Rf8 20. f3 Qf6
21. Rb1 Qg5 22. g4 Kb7 23. Qe2 Rc8 24. g3 Qe5 25. f4 Qg7 26. Rh5 e5 27. f5 d6
28. Qf3 Be8 29. f6 Qf8 30. f7 Bxf7 31. Rf5 Rc7 32. a4 bxa4 33. Bc4 d5 34. Bxd5+
Ka7 35. Rxf7 Qb4+ 36. Kf1 Qb5+ 37. Kg2 1-0

[Event "Grand Pacific op"]
[Site "Victoria CAN"]
[Date "2010.04.05"]
[Round "6"]
[White "Bates, Darren"]
[Black "Wright, Polly"]
[Result "1/2-1/2"]
[WhiteElo "1627"]
[BlackElo "1729"]
[PlyCount "73"]
[EventDate "2010.04.02"]
[EventType "swiss"]
[EventRounds "6"]
[EventCountry "CAN"]

1. e4 c5 2. Nf3 Nc6 3. Bb5 g6 4. O-O Bg7 5. c3 Nf6 6. e5 Nd5 7. d4 cxd4 8. cxd4
O-O 9. Nc3 Nxc3 10. bxc3 Qa5 11. c4 a6 12. Bxc6 dxc6 13. Bd2 Qc7 14. Bf4 Bg4
15. h3 Bxf3 16. Qxf3 Qd7 17. d5 Rac8 18. Rab1 cxd5 19. cxd5 Rc4 20. Bh2 Rfc8
21. d6 b5 22. Rfd1 R4c6 23. Bg3 Rc2 24. a4 R2c3 25. dxe7 Qxe7 26. Qd5 R3c5 27.
Qd6 Qb7 28. e6 fxe6 29. Qxe6+ Qf7 30. Qxa6 bxa4 31. Qxa4 Rc4 32. Qa5 Bf6 33.
Kh2 R4c5 34. Qa6 R5c6 35. Qb7 Qxb7 36. Rxb7 Re6 37. Rb8 1/2-1/2

[Event "Grand Pacific op"]
[Site "Victoria CAN"]
[Date "2010.04.05"]
[Round "6"]
[White "Daswani, Benedict"]
[Black "Han, Yiming"]
[Result "1-0"]
[WhiteElo "2095"]
[BlackElo "1844"]
[PlyCount "55"]
[EventDate "2010.04.02"]
[EventType "swiss"]
[EventRounds "6"]
[EventCountry "CAN"]

1. g3 e5 2. d3 d5 3. Nf3 Nc6 4. Bg2 Be6 5. O-O f6 6. a3 Qd7 7. b4 O-O-O 8. c3
g5 9. Qa4 h5 10. Nbd2 h4 11. c4 hxg3 12. fxg3 Nge7 13. b5 Nb8 14. Qxa7 Bh3 15.
Nb3 b6 16. Rb1 dxc4 17. Nxe5 Bxg2 18. Nxd7 Bxf1 19. Na5 bxa5 20. Nc5 Rd5 21.
Qb7+ Kd8 22. Qxb8+ Nc8 23. Ne6+ Kd7 24. Qxc7+ Kxe6 25. Qxc8+ Kf7 26. Qxc4 Bc5+
27. Kxf1 Rhd8 28. e4 1-0

[Event "Grand Pacific op"]
[Site "Victoria CAN"]
[Date "2010.04.05"]
[Round "6"]
[White "Davies, Lucas"]
[Black "Kong, Dezheng"]
[Result "1/2-1/2"]
[WhiteElo "2244"]
[BlackElo "1996"]
[PlyCount "44"]
[EventDate "2010.04.02"]
[EventType "swiss"]
[EventRounds "6"]
[EventCountry "CAN"]

1. e4 c5 2. Nc3 Nc6 3. g3 g6 4. Bg2 Bg7 5. d3 d6 6. Be3 Nd4 7. Qd2 Qa5 8. h3 e6
9. f4 Ne7 10. Nf3 Nec6 11. O-O O-O 12. Ne1 f5 13. Qf2 Bd7 14. Nb1 fxe4 15. dxe4
Ne7 16. Nf3 Rac8 17. Na3 Nb5 18. Nc4 Qa6 19. g4 Nd4 20. Na3 Nb5 21. Nc4 Nd4 22.
Na3 Nb5 1/2-1/2

[Event "Grand Pacific op"]
[Site "Victoria CAN"]
[Date "2010.04.06"]
[Round "6"]
[White "Day, Lawrence"]
[Black "Sohal, Tanraj"]
[Result "1-0"]
[WhiteElo "2302"]
[BlackElo "2100"]
[PlyCount "69"]
[EventDate "2010.04.02"]
[EventType "swiss"]
[EventRounds "6"]
[EventCountry "CAN"]

1. e4 c5 2. Nc3 Nc6 3. g3 g6 4. Bg2 Bg7 5. d3 e5 6. Be3 d6 7. Qd2 Nge7 8. Bh6
O-O 9. h4 f6 10. Bxg7 Kxg7 11. h5 Rh8 12. f4 Be6 13. Nf3 Nd4 14. h6+ Kf7 15.
Nh4 Ke8 16. Nd1 Kd7 17. c3 Ndc6 18. Ne3 Kc7 19. Nd5+ Bxd5 20. exd5 Nb8 21. fxe5
fxe5 22. O-O Rf8 23. Nf3 Nd7 24. Ng5 Rxf1+ 25. Rxf1 Qg8 26. Rf7 Re8 27. Rg7 Qh8
28. Rxh7 Qf6 29. Rf7 Qh8 30. Ne6+ Kc8 31. Ng7 Nf5 32. Nxe8 Qxe8 33. h7 Qxf7 34.
h8=Q+ Kc7 35. Qf2 1-0

[Event "Grand Pacific op"]
[Site "Victoria CAN"]
[Date "2010.04.05"]
[Round "6"]
[White "Ficzere, Tony"]
[Black "Crook, David"]
[Result "0-1"]
[WhiteElo "1830"]
[BlackElo "1919"]
[PlyCount "80"]
[EventDate "2010.04.02"]
[EventType "swiss"]
[EventRounds "6"]
[EventCountry "CAN"]

1. d4 c5 2. d5 d6 3. c4 e6 4. Nc3 exd5 5. cxd5 Nf6 6. g3 a6 7. a4 g6 8. Nf3 Bg7
9. Bg2 O-O 10. O-O Re8 11. h3 Ne4 12. Bd2 Nxd2 13. Nxd2 Nd7 14. e4 Nf6 15. Nc4
Rb8 16. a5 Qe7 17. f4 Nd7 18. e5 dxe5 19. d6 Qd8 20. Nd5 Kh8 21. fxe5 Nxe5 22.
Nxe5 Bxe5 23. Rxf7 Bd4+ 24. Kh2 Qxd6 25. Nf6 Qxf6 26. Rxf6 Bxf6 27. Qd6 Be5 28.
Qxc5 Bg7 29. Rf1 Bf5 30. Bf3 Rbc8 31. Qb4 Rc2+ 32. Kg1 Rxb2 33. Qd6 Bxh3 34.
Bd5 Bd4+ 35. Kh1 Bxf1 36. Bf7 Bg2+ 37. Kh2 Bd5+ 38. Kh3 Bg2+ 39. Kh4 Re4+ 40.
Kg5 Rb5+ 0-1

[Event "Grand Pacific op"]
[Site "Victoria CAN"]
[Date "2010.04.06"]
[Round "6"]
[White "Forman, Ken"]
[Black "Geng, Tian Tian"]
[Result "1-0"]
[WhiteElo "1836"]
[BlackElo "1783"]
[PlyCount "137"]
[EventDate "2010.04.02"]
[EventType "swiss"]
[EventRounds "6"]
[EventCountry "CAN"]

1. e4 c5 2. Nf3 Nc6 3. d4 cxd4 4. Nxd4 g6 5. Be3 Bg7 6. Nc3 Nf6 7. f3 O-O 8.
Qd2 d6 9. O-O-O Bd7 10. Be2 a6 11. g4 Nxd4 12. Bxd4 Bc6 13. g5 Nh5 14. Bxg7
Nxg7 15. h4 b5 16. f4 Qb6 17. h5 b4 18. Nd5 Bxd5 19. exd5 Nf5 20. Rh3 Kg7 21.
Rdh1 Rh8 22. Bd3 Qd4 23. Qh2 Rag8 24. hxg6 fxg6 25. Rxh7+ Rxh7 26. Qxh7+ Kf8
27. Bxf5 Qxf4+ 28. Kb1 Qxf5 29. Qh6+ Ke8 30. Rd1 Qf3 31. Kc1 Qh5 32. Rh1 Qxh6
33. Rxh6 Kf7 34. Rh4 Rb8 35. Rh7+ Kg8 36. Rxe7 Rb5 37. Re6 Rxd5 38. Rxg6+ Kf7
39. Rh6 a5 40. c3 Ke7 41. Rh7+ Ke6 42. Rh5 Rf5 43. cxb4 axb4 44. Rh4 Ra5 45.
Rxb4 Rxa2 46. Rg4 Kf5 47. Rg2 Kg6 48. Kc2 Ra4 49. Kc3 d5 50. b3 Re4 51. b4 Rc4+
52. Kb3 Rc8 53. b5 d4 54. Rg3 d3 55. Rxd3 Kxg5 56. Kb4 Kf6 57. Ka5 Ke7 58. Ka6
Ra8+ 59. Kb7 Ra1 60. Rc3 Kd7 61. b6 Ra2 62. Kb8 Rb2 63. b7 Ra2 64. Rc7+ Kd8 65.
Rc5 Kd7 66. Rd5+ Kc6 67. Kc8 Rb2 68. Rd7 Rb5 69. Rc7+ 1-0

[Event "Grand Pacific op"]
[Site "Victoria CAN"]
[Date "2010.04.05"]
[Round "6"]
[White "Landingin, Jofrei"]
[Black "Martinson, Rick"]
[Result "1-0"]
[WhiteElo "1911"]
[BlackElo "1673"]
[PlyCount "76"]
[EventDate "2010.04.02"]
[EventType "swiss"]
[EventRounds "6"]
[EventCountry "CAN"]

1. c4 g6 2. d4 Bg7 3. Nc3 Nf6 4. e4 d6 5. f4 O-O 6. Nf3 c5 7. Be3 cxd4 8. Nxd4
Nc6 9. Be2 a6 10. O-O e5 11. Nxc6 bxc6 12. f5 d5 13. cxd5 cxd5 14. fxg6 d4 15.
Bg5 Qb6 16. gxf7+ Kh8 17. Na4 Qd6 18. Bxf6 Bxf6 19. Bc4 Bg5 20. Qh5 Be3+ 21.
Kh1 Bf4 22. Rf3 Be6 23. Bxe6 Qxe6 24. g3 Bh6 25. Raf1 Bg7 26. Nc5 Qc6 27. b4 a5
28. a3 axb4 29. axb4 Rad8 30. g4 Rd6 31. g5 d3 32. Rh3 h6 33. gxh6 Rxh6 34. Qf5
Rxh3 35. Qxh3+ Qh6 36. Qxd3 Qg6 37. Qh3+ Bh6 38. Qf5 Qd6 1-0

[Event "Grand Pacific op"]
[Site "Victoria CAN"]
[Date "2010.04.06"]
[Round "6"]
[White "Moore, Harry"]
[Black "Botez, Alexandra"]
[Result "1-0"]
[WhiteElo "2264"]
[BlackElo "1893"]
[PlyCount "105"]
[EventDate "2010.04.02"]
[EventType "swiss"]
[EventRounds "6"]
[EventCountry "CAN"]

1. d4 Nf6 2. c4 g6 3. Nc3 Bg7 4. e4 d6 5. Nf3 O-O 6. Be2 Nc6 7. d5 Ne5 8. Nxe5
dxe5 9. O-O Ne8 10. Qb3 b6 11. Be3 Nd6 12. c5 bxc5 13. Bxc5 Bd7 14. Bxd6 exd6
15. Rac1 Bh6 16. Rc2 Qb8 17. Bb5 Rd8 18. Qa4 Bxb5 19. Nxb5 Rc8 20. Rc6 Qb7 21.
Qa6 Qxa6 22. Rxa6 Rab8 23. a4 Rb7 24. Rd1 Bg5 25. g3 f5 26. exf5 gxf5 27. Rd3
e4 28. Rc3 Bf6 29. Rc2 Be5 30. b3 Rcb8 31. Rac6 h6 32. R2c4 Kf8 33. b4 Kg8 34.
Kg2 Kh8 35. Rxc7 Rxc7 36. Nxc7 Kg8 37. b5 Kf7 38. Ne6 Kf6 39. Rc7 Ra8 40. Rb7
Bc3 41. Nc7 Rc8 42. Rxa7 Bd4 43. Rb7 Bc3 44. b6 Ba5 45. Nb5 Ke5 46. Rd7 Bxb6
47. Rxd6 Bc5 48. Rc6 Rxc6 49. dxc6 Ke6 50. a5 e3 51. fxe3 Bxe3 52. a6 Ke7 53.
a7 1-0

[Event "Grand Pacific op"]
[Site "Victoria CAN"]
[Date "2010.04.05"]
[Round "6"]
[White "Murray, Mike"]
[Black "Gansvind, Valeriya"]
[Result "0-1"]
[WhiteElo "1898"]
[BlackElo "2332"]
[PlyCount "96"]
[EventDate "2010.04.02"]
[EventType "swiss"]
[EventRounds "6"]
[EventCountry "CAN"]

1. Nc3 g6 2. e4 Bg7 3. f4 d6 4. Nf3 c6 5. d3 b5 6. g3 a6 7. Bg2 Bb7 8. Qe2 Qc7
9. O-O Nd7 10. Bd2 b4 11. Nd1 c5 12. Rc1 a5 13. c3 Qb6 14. Kh1 Rc8 15. Ne3 Qa6
16. Rfe1 Ngf6 17. e5 dxe5 18. Nc4 e4 19. Ng5 O-O 20. dxe4 h6 21. Nh3 Nb6 22. b3
Nxc4 23. bxc4 Nd7 24. e5 Bxg2+ 25. Kxg2 Nb6 26. cxb4 axb4 27. Rc2 Rfd8 28. Be3
Na4 29. Bd2 Rd4 30. Nf2 Rcd8 31. Rd1 Qc6+ 32. Kg1 Qd7 33. Qe3 f5 34. Kf1 e6 35.
Ke1 Nc3 36. Rdc1 Ne4 37. Rd1 Bf8 38. Qe2 Be7 39. Bc1 Nxf2 40. Rxd4 cxd4 41.
Qxf2 d3 42. Rb2 Qc6 43. Be3 Qxc4 44. Bd2 Bc5 45. Qf3 Qd4 46. Rb1 Qg1+ 47. Qf1
Qxh2 48. Bxb4 Qxa2 0-1

[Event "Grand Pacific op"]
[Site "Victoria CAN"]
[Date "2010.04.06"]
[Round "6"]
[White "Parker, Dylan"]
[Black "Roback, Joe"]
[Result "0-1"]
[WhiteElo "1614"]
[BlackElo "1838"]
[PlyCount "116"]
[EventDate "2010.04.02"]
[EventType "swiss"]
[EventRounds "6"]
[EventCountry "CAN"]

1. e4 c5 2. Nf3 d6 3. d4 cxd4 4. Nxd4 Nf6 5. Nc3 a6 6. Bg5 Nbd7 7. f4 b5 8. a3
Bb7 9. Bd3 Qb6 10. Nde2 e5 11. Qd2 Be7 12. fxe5 dxe5 13. Be3 Bc5 14. Bxc5 Qxc5
15. Ng3 O-O 16. Nf5 Rfd8 17. Rf1 Kh8 18. Qg5 Ne8 19. Nxg7 f6 20. Qh6 Nxg7 21.
Rf3 Qe7 22. Rh3 Ne8 23. O-O-O Qg7 24. Qh5 Qg5+ 25. Qxg5 fxg5 26. Nd5 Nc5 27.
Ne7 Rd6 28. Rf1 Rf6 29. Rd1 Bxe4 30. Bxe4 Nxe4 31. Re3 N8d6 32. Nd5 Rf2 33.
Rde1 Rc8 34. c3 Nc5 35. Kb1 Rxg2 36. b4 Nb3 37. Rxe5 Nc4 38. R5e2 Rxe2 39. Rxe2
Rd8 40. Nf6 Rd2 41. Rxd2 Nbxd2+ 42. Ka2 Kg7 43. Nd7 h5 44. Nc5 g4 45. Nxa6 h4
46. Nc5 Kf6 47. Nd3 Nf3 48. Nf2 Nxh2 49. Kb3 Nb6 50. a4 bxa4+ 51. Ka3 g3 52.
Nh3 g2 53. Ng1 Ke5 54. c4 Nxc4+ 55. Kxa4 Nd6 56. Kb3 Ke4 57. Kc2 Nf3 58. Nh3
g1=Q 0-1

[Event "Grand Pacific op"]
[Site "Victoria CAN"]
[Date "2010.04.06"]
[Round "6"]
[White "Paulson, Stewart"]
[Black "Geng, Li"]
[Result "1/2-1/2"]
[WhiteElo "1540"]
[BlackElo "1783"]
[PlyCount "126"]
[EventDate "2010.04.02"]
[EventType "swiss"]
[EventRounds "6"]
[EventCountry "CAN"]

1. d4 d5 2. Nf3 e6 3. c3 c5 4. Bg5 Nf6 5. e3 h6 6. Bh4 c4 7. Be2 Be7 8. Nbd2
O-O 9. Qc2 Nc6 10. Ne5 Nxe5 11. dxe5 Nd7 12. Bg3 b5 13. Nf3 a6 14. O-O Nc5 15.
Nd4 Qc7 16. f4 Ne4 17. Be1 Bb7 18. g4 f6 19. Nxe6 Qb6 20. Nxf8 Qxe3+ 21. Bf2
Nxf2 22. Rxf2 Rxf8 23. Bf3 fxe5 24. f5 Bh4 25. Raf1 Bxf2+ 26. Rxf2 e4 27. Bg2
g6 28. fxg6 Rxf2 29. Qxf2 Qxf2+ 30. Kxf2 Kg7 31. Ke3 Kxg6 32. h4 Bc8 33. Kf4
Kf6 34. Bh3 Be6 35. g5+ hxg5+ 36. hxg5+ Ke7 37. Bg2 Kd6 38. g6 Ke7 39. Kg5 a5
40. a3 Kd6 41. Kf6 e3 42. Bf3 Bg8 43. Kg7 Be6 44. Kf8 Ke5 45. g7 Kf4 46. Bh5 b4
47. axb4 axb4 48. Bf7 Bxf7 49. Kxf7 e2 50. g8=Q e1=Q 51. Qb8+ Kf5 52. Qc8+ Kg5
53. Qd8+ Kh6 54. Qd6+ Kg5 55. Qxd5+ Kf4 56. Qxc4+ Qe4 57. Qxb4 Qxb4 58. cxb4
Ke5 59. b5 Kd6 60. b4 Kc7 61. Ke6 Kb6 62. Kd5 Kxb5 63. Kd4 Kxb4 1/2-1/2